Statystyki dla Państwa i stolice, które zaczynają się tym samym pismem

Kliknij tutaj aby rozwiązać quiz!

Ogólne statystyki

  • Ten quiz został rozwiązany 599 razy
  • Średni wynik to 19 z 52

Statystyki odpowiedzi

Odpowiedź% Poprawnych
Meksyk
73%
Meksyk
73%
Brazylia
72%
Watykan
71%
Watykan
71%
Andora
70%
Andora
70%
Luksemburg
68%
Luksemburg
68%
San Marino
68%
San Marino
68%
Brasília
65%
Monako
61%
Monako
61%
Szwecja
55%
Sztokholm
51%
Algier
45%
Algieria
45%
Belgia
42%
Panama
42%
Panama
42%
Bruksela
41%
Tunezja
36%
Salwador
34%
Tunis
33%
Gwatemala
32%
Gwatemala
32%
Singapur
28%
Singapur
28%
Niger
25%
San Salvador
23%
Kuwejt
22%
Kuwejt
22%
Belize
21%
Dżibuti
20%
Dżibuti
20%
Male
19%
Sri Lanka
19%
Brunei
17%
Malediwy
16%
Gujana
15%
Barbados
12%
Niamey
12%
Georgetown
11%
Belmopan
10%
Bandar Seri
Begawan
9%
Sri Dźajawardanapura
Kotte
9%
Mozambik
8%
Papua-Nowa
Gwinea
7%
Bridgetown
6%
Maputo
6%
Port Moresby
5%

Rozkład punktacji

Percentyl według liczby udzielonych odpowiedzi

Procent ludzi z każdym wynikiem

Twoja historia wyników

Nie rozwiązałeś tego quizu